000 00774nam a2200193Ia 4500
005 20260429112247.0
008 260429s9999||||xx |||||||||||||| ||und||
020 _a9789387537231
041 _aHindi
082 _a954.035
_bRAJ
100 _aराजपूत, यशभारती राम कृष्ण
245 0 _aस्वतंत्रता संग्राम की विस्मृति विभूतियाँ /
_cयशभारती राम कृष्ण राजपूत
250 _a1st ed.
260 _aनई दिल्ली :
_bक्रिसेंट पब्लिशिंग,
_c2019.
300 _axx, 254 p.; Hb
650 _aFreedom Movement
700 _a त्रिपाठी, वी.पी.
942 _cTB
999 _c53176
_d53176